LEADER 01771nam 2200337 n 450 001 996384741703316 005 20200818213540.0 035 $a(CKB)4940000000067706 035 $a(EEBO)2240874959 035 $a(UnM)99838219e 035 $a(UnM)99838219 035 $a(EXLCZ)994940000000067706 100 $a19901030d1597 uy | 101 0 $aeng 135 $aurbn||||a|bb| 200 04$aThe high vvay to Heaven by the cleare light of the Gospell cleansed of a number of most dangerous stumbling stones thereinto throwen by Bellarmine and others$b[electronic resource] $eIn a treatise made vpon the 37. 38. and 39. verses of the 7. of Iohn: wherein is so handled the most sweete and comfortable doctrine of the true vnion and communication of Christ and his Church, and the contrarie is so confuted, as that not onely thereby also summarilie and briefly, and yet plainly all men may learne rightly to receiue the sacrament of Christs blessed bodie and blood, but also how to beleeue and to liue to saluation. And therefore entitled The highway to Heauen. By Thomas Sparke Doctor of Diuinitie 210 $a[London] $cPrinted by R. R[obinson] for Robert Dexter$d1597 215 $a[16], 356, [2] 300 $aPrinter's name from STC. 300 $aWith a final errata leaf. 300 $aReproduction of the original in the British Library. 330 $aeebo-0018 700 $aSparke$b Thomas$f1548-1616.$01005045 801 0$bCu-RivES 801 1$bCu-RivES 801 2$bCStRLIN 801 2$bWaOLN 906 $aBOOK 912 $a996384741703316 996 $aThe high vvay to Heaven by the cleare light of the Gospell cleansed of a number of most dangerous stumbling stones thereinto throwen by Bellarmine and others$92328621 997 $aUNISA LEADER 02885oam 2200721M 450 001 9910716156603321 005 20200213070921.5 035 $a(CKB)5470000002518549 035 $a(OCoLC)1065607715 035 $a(OCoLC)995470000002518549 035 $a(EXLCZ)995470000002518549 100 $a20071213d1926 ua 0 101 0 $aeng 135 $aurcn||||||||| 181 $ctxt$2rdacontent 182 $cc$2rdamedia 183 $acr$2rdacarrier 200 10$aEducation of Persian students and indemnity for Mrs. Katherine Gillespie Imbrie. April 26, 1926. -- Committed to the Committee of the Whole House and ordered to be printed 210 1$a[Washington, D.C.] :$c[U.S. Government Printing Office],$d1926. 215 $a1 online resource (22 pages) 225 1 $aHouse report / 69th Congress, 1st session. House ;$vno. 985 225 1 $a[United States congressional serial set] ;$v[serial no. 8533] 300 $aMinority report of Mr. McReynolds and Mr. Edwards, p. 7. 300 $aMinority report of Mr. Temple, Mr. Begg, Mr. Fairchild, Mr. Cole, and Mr. Ellis, p. 8. 300 $aBatch processed record: Metadata reviewed, not verified. Some fields updated by batch processes. 300 $aFDLP item number not assigned. 606 $aAssault and battery 606 $aEducation 606 $aHomicide 606 $aLegislative amendments 606 $aSurvivors' benefits 606 $aAmbassadors 606 $aDiplomats 606 $aAmericans$zForeign countries 606 $aStudents, Foreign 606 $aCost 608 $aLegislative materials.$2lcgft 615 0$aAssault and battery. 615 0$aEducation. 615 0$aHomicide. 615 0$aLegislative amendments. 615 0$aSurvivors' benefits. 615 0$aAmbassadors. 615 0$aDiplomats. 615 0$aAmericans 615 0$aStudents, Foreign. 615 0$aCost. 701 $aBegg$b James Thomas$f1877-1963$pRepublican (OH)$01407688 701 $aCole$b Cyrenus$f1863-1939$pRepublican (IA)$01407689 701 $aEdwards$b Charles G$g(Charles Gordon),$f1878-1931$pDemocrat (GA)$01407690 701 $aEllis$b Edgar C$g(Edgar Clarence),$f1854-1947$pRepublican (MO)$01407691 701 $aFairchild$b Benjamin Lewis$f1863-$pRepublican (NY)$01395402 701 $aLinthicum$b John Charles$f1867-1932.$pDemocrat (MD)$01392839 701 $aMcReynolds$b Samuel Davis$f1872-1939$pDemocrat (TN)$01407692 701 $aTemple$b Henry Wilson$f1864-1955$pRepublican (PA)$01407435 801 0$bWYU 801 1$bWYU 801 2$bOCLCO 801 2$bOCLCQ 906 $aBOOK 912 $a9910716156603321 996 $aEducation of Persian students and indemnity for Mrs. Katherine Gillespie Imbrie. April 26, 1926. -- Committed to the Committee of the Whole House and ordered to be printed$93489773 997 $aUNINA LEADER 04099nam 22005655 450 001 9910495203703321 005 20250317102240.0 010 $a9783030736064 010 $a3030736067 024 7 $a10.1007/978-3-030-73606-4 035 $a(CKB)4100000011984545 035 $a(MiAaPQ)EBC6682825 035 $a(Au-PeEL)EBL6682825 035 $a(DE-He213)978-3-030-73606-4 035 $a(PPN)26030624X 035 $a(EXLCZ)994100000011984545 100 $a20210722d2021 u| 0 101 0 $aeng 135 $aurcnu|||||||| 181 $ctxt$2rdacontent 182 $cc$2rdamedia 183 $acr$2rdacarrier 200 10$aNanobiotechnology $eMitigation of Abiotic Stress in Plants /$fedited by Jameel M. Al-Khayri, Mohammad Israil Ansari, Akhilesh Kumar Singh 205 $a1st ed. 2021. 210 1$aCham :$cSpringer International Publishing :$cImprint: Springer,$d2021. 215 $a1 online resource (595 pages) 300 $aIncludes index. 311 08$a9783030736057 311 08$a3030736059 327 $aAbiotic Stress in Plants: Socio-economic Consequences and Crop Plants Responses -- Plant Abiotic Stress Tolerance Mechanisms -- Biotechnology Strategies to Combat Plant Abiotic Stress -- Nanomaterials Fundamentals: Classification, Synthesis and Characterization -- Utilization of Nanobiotechnology in Modern Agriculture -- Contributions of Nano Biosensors in Managing Environmental Stresses under Climate Change Era -- Utilization of Nanobiotechnology to Alleviate Impact of Abiotic Stress in Crop Plants -- Green Synthesis of Nanoparticles Using Different Plant Extracts and their Characterizations -- Applications of Plant-Derived Nanomaterials in Mitigation of Crop Abiotic Stress -- Biosynthesis and Characterization of Microorganisms-Derived Nanomaterials -- Utilization of Nanofertilizers in Plant Tolerance to Abiotic Stress -- Role of Nanomaterials in Regulating Reactive Species as a Signaling Molecule of Abiotic Stress -- Role of Nanomaterials in Regulating Oxidative Stress -- Plant Stress Enzymes Nanobiotechnology -- Plant Stress Hormones Nanobiotechnology -- Effect of Nanoparticle on Plant Growth and Development -- Application of Nanobiotechnology in Overcoming Salinity Stress -- Application of Nanobiotechnology in Overcoming Drought Stress -- Application of Nanobiotechnology in Overcoming Temperature Stress -- Application of Nanobiotechnology in Overcoming Mineral Nutrients Stress -- Nanomaterials Combat Heavy Metals Toxicity by Modulating Oxidative Stress Pathways in Plants -- Nanonutrients: Plant Nutritive and Possible Antioxidant Regulators -- Impact of Nanomaterials Stress on Plants -- Biosafety of Nanomaterials for Plants to Coup with Stress Conditions -- Nanomaterials in Combating Plant Stress: An Approach for Future Applications. 330 $aThis book provides up-to-date knowledge of the promising field of Nanobiotechnology with emphasis on the mitigation approaches to combat plant abiotic stress factors, including drought, salinity, waterlog, temperature extremes, mineral nutrients, and heavy metals. These factors adversely affect the growth as well as yield of crop plants worldwide, especially under the global climate change. Nanobiotechnology is viewed to revolutionize crop productivity in future. The chapters discuss the status and prospects of this cutting-edge technology toward understanding tolerance mechanisms, including signaling molecules and enzymes regulation in addition to the applications of Nanobiotechnology to combat individual abiotic stress factors. . 606 $aBotany 606 $aAgriculture 606 $aPlant Science 606 $aAgriculture 615 0$aBotany. 615 0$aAgriculture. 615 14$aPlant Science. 615 24$aAgriculture. 676 $a581.788 702 $aAnsari$b Mohammad Israil 702 $aAl-Khayri$b Jameel M. 702 $aSingh$b Akhilesh Kumar 801 0$bMiAaPQ 801 1$bMiAaPQ 801 2$bMiAaPQ 906 $aBOOK 912 $a9910495203703321 996 $aNanobiotechnology$92309721 997 $aUNINA